Sông Hậu nhớ sông Hồng : Tập ca cổ

Tuyển tập các bài ca cổ kỷ niệm 1000 năm Thăng Long - Hà Nội

Spremljeno u:
Bibliografski detalji
Format: Knjiga
Jezik:Undetermined
Izdano: Cần Thơ Đại học Cần Thơ 2010
Teme:
Oznake: Dodaj oznaku
Bez oznaka, Budi prvi tko označuje ovaj zapis!
Thư viện lưu trữ: Trung tâm Học liệu Trường Đại học Cần Thơ
LEADER 00674nam a2200205Ia 4500
001 CTU_229465
008 210402s9999 xx 000 0 und d
082 |a 781.629592 
082 |b S455 
245 0 |a Sông Hậu nhớ sông Hồng : 
245 0 |b Tập ca cổ 
245 0 |c Nhiều tác giả 
260 |a Cần Thơ 
260 |b Đại học Cần Thơ 
260 |c 2010 
520 |a Tuyển tập các bài ca cổ kỷ niệm 1000 năm Thăng Long - Hà Nội 
650 |a Âm nhạc dân gian,Folk music 
650 |z Việt Nam,Vietnam 
910 |b nthai 
980 |a Trung tâm Học liệu Trường Đại học Cần Thơ